000 01145nam a22002417a 4500
003 UA-OsUOA
001 130759
007 ta
008 20180510b un ||||| |||| 00| 0 ukr d
090 _bT-67
942 _cMGN
040 _aUA-OsUOA
_beng
_cUA-OsUOA
_dUA-OsUOA
245 _aThe Russell Sage Foundation
955 _a1
041 _aeng
856 4 0 _uhttps://www.rsfjournal.org/toc/rsf/3/1
520 3 _aThe Russell Sage Foundation Journal of the Social Sciences is a peer-reviewed, open-access journal of original empirical research articles by both established and emerging scholars. It is designed to promote cross-disciplinary collaborations on timely
520 3 _aissues of interest to academics, policymakers, and the public at large. Each issue is thematic in nature and focuses on a specific research question or area of interest. The introduction to each issue will include an accessible, broad, and synthetic o
520 3 _averview of the research question under consideration and the current thinking from the various social sciences.
260 _c2017
246 3 1 _aJournal of the Social Sciences
_n1
650 7 _2UDC
999 _c419002
_d419002